| 000 | 00793nam a22002057a 4500 | ||
|---|---|---|---|
| 001 | BD-DhSAU 3130 | ||
| 003 | BD-DhSAU | ||
| 005 | 20150204094131.0 | ||
| 008 | 150203b1987 a||||r|||| 000 0 ben d | ||
| 040 | _aBD-DhSAU | ||
| 082 |
_222 _a৫৮১ _bদেবউ |
||
| 100 | _a মিত্র, দেবব্রত | ||
| 245 |
_aউদ্ভিদবিজ্ঞান ১ম খন্ড / _cদেবব্রত মিত্র...[অন্যান্য] |
||
| 250 | _a২য় সংসকরণ | ||
| 260 |
_aকলিকাতা : _bমৌিলিক লাইব্রেরী ; _c১৯৮৬. |
||
| 300 |
_axxviii, ৯৩২ পৃ. : _bচিত্র ; _c২১ সেমি। |
||
| 590 | _ajoy | ||
| 650 | _aউদ্ভিদবিজ্ঞান। | ||
| 650 | _aBotany. | ||
| 942 |
_2ddc _cBOOK |
||
| 999 |
_c3130 _d3130 |
||